000 00536cam a2200229 4500
001 J593
008 090401t1992 xxu||||| |||| 00| 0 eng d
035 _a(Sirsi) u75646
041 _aeng
050 _a333.33709421
110 _aChesterton
_92357
245 _aLondon profile update at 31.12.91.
260 _aLondon
_bChesterton
_c1992
300 _a(4)p. ; 30cm.
350 _a0
650 _aOFFICES
650 _aRENT
650 _aYIELDS
690 _aPROPERTY-COMMERCIAL PROPERTY
942 _n0
948 _c04/03/1997
999 _c96061
_d96061